[Event "Budapest zt-B"]
[Site "Budapest"]
[Date "1993.??.??"]
[Round "11"]
[White "Chernin, Alexander"]
[Black "Haba, Petr"]
[Result "1/2-1/2"]
[WhiteElo "2600"]
[BlackElo "2485"]

1.c4 c6 2.d4 d5 3.Nc3 Nf6 4.e3 g6 5.Nf3 Bg7 6.Be2 O-O 7.O-O Bg4 8.cxd5 cxd5
9.Qb3 b6 10.h3 Bxf3 11.Bxf3 e6 12.Bd2 Nc6 13.Qa4 Na5 14.b3 a6 15.Ne2 Nb7
16.Qc6 Nd6 17.Bb4 Nfe8 18.Rfc1 Bf6 19.Qc2 Be7 20.Be1 Nf5 21.g3 Ba3 22.Rcb1 a5
23.Nf4 Ned6 24.Nd3 Rc8 25.Qe2 Nb5 26.b4 Nc3 27.Bxc3 Rxc3 28.bxa5 bxa5 29.Qd2 Qc7
30.Nc5 Bb4 31.Na6 Qc4 32.Nxb4 axb4 33.Qe2 Rb8 34.Rb2 Nd6 35.Rab1 Qxe2 36.Bxe2 Ra3
37.Rxb4 Rxb4 38.Rxb4 Rxa2 39.Bd3 Kf8 40.Kf1 Rd2 41.Rb3 h5  1/2-1/2

[Event "Buenos Aires FMD op"]
[Site "Buenos Aires"]
[Date "1993.??.??"]
[Round "5"]
[White "Anelli, Antonio"]
[Black "Bulcourf, Carlos"]
[Result "1-0"]
[WhiteElo "2305"]
[BlackElo "2280"]

1.c4 c6 2.d4 b5 3.b3 Nf6 4.e3 e6 5.Nf3 Ba6 6.c5 b4 7.Bxa6 Nxa6 8.Qe2 Qa5
9.Nbd2 Qb5 10.Nc4 Ne4 11.O-O Be7 12.Bb2 O-O 13.Nfd2 Nf6 14.Rfe1 Ne8 15.Rac1 Nac7
16.Rc2 f5 17.Ne5 Qxe2 18.Rxe2 Rd8 19.Re1 Bf6 20.Nd3 a5 21.Nc4 Nd5 22.f3 Ra8
23.e4 fxe4 24.fxe4 Nc3 25.Bxc3 bxc3 26.Nce5 d6 27.cxd6 Nxd6 28.Rxc3 Rfc8
29.Nf3 Nb5 30.Rc4 Rd8 31.e5 Be7 32.a4 Na7 33.Nc5 Bxc5 34.Rxc5 Rd5 35.Rxd5 cxd5
36.Rc1 h6 37.Rc7 Nc8 38.Ne1 Kf8 39.Nd3 Ne7 40.Nc5 Kf7 41.Kf2 h5 42.Ke3 g5
43.Kd3 h4 44.Rb7 g4 45.b4 axb4 46.Rxb4 h3 47.g3 Nf5 48.Rb7+ Kg8 49.Rb5 Ne7
50.Rb7 Nf5 51.Rb2 Ne7 52.Ra2 Nc6 53.Ke3 Rf8 54.Rf2 Rxf2 55.Kxf2 Nxd4 56.a5 Kf7
57.a6 Nc6 58.Nd7 Ke7 59.Nf6 Kd8 60.Nxg4 Kc7 61.Ke3 Kb6 62.Kf4 Kxa6 63.Nf2 Kb5
64.Nxh3 Kc4 65.g4  1-0

[Event "Buenos Aires PRO op"]
[Site "Buenos Aires"]
[Date "1993.??.??"]
[Round "6"]
[White "Scarella, Enrique"]
[Black "Bulcourf, Carlos"]
[Result "1-0"]
[WhiteElo "2410"]
[BlackElo "2280"]

1.c4 c6 2.d4 d5 3.Nc3 Nf6 4.e3 Bf5 5.cxd5 Nxd5 6.Bc4 e6 7.Nge2 Bg6 8.O-O Nd7
9.e4 Nxc3 10.Nxc3 b5 11.Bd3 b4 12.Ne2 Be7 13.Be3 c5 14.dxc5 Bxc5 15.Bb5 Bxe3
16.fxe3 Rb8 17.Qa4 Rxb5 18.Qxb5 Qb6 19.Qxb6 axb6 20.Rac1 Nc5 21.Rc4 b3 22.axb3 Bxe4
23.b4 Bd3 24.Rc3 Bxe2 25.Re1 Na6 26.Rc8+ Ke7 27.Rxh8 Bd3 28.e4 Nxb4 29.Rxh7 Kf6
30.e5+ Kg6 31.Rh4 Nc6 32.Re3 Bb1 33.Rc3 Ne7 34.Rg4+ Kh7 35.Rh3+ Kg8 36.Ra4 g6
37.Ra8+ Kg7 38.Rhh8 g5 39.Rhe8 Ng6 40.Rg8+ Kh7 41.Rgb8 Be4 42.Ra7 Nxe5 43.Rxb6 Kg6
44.b4 Nc4 45.Rba6 Kf6 46.b5 Ne5 47.b6 Nc6 48.b7 Nb8 49.Ra4 Bc6 50.Rc4 Ke5
51.Rxc6  1-0

[Event "Buenos Aires op1"]
[Site "Buenos Aires"]
[Date "1993.??.??"]
[Round "6"]
[White "Paglilla, Carlos"]
[Black "Sorokin, Maxim"]
[Result "0-1"]
[WhiteElo "2325"]
[BlackElo "2490"]

1.c4 c6 2.e4 d5 3.exd5 cxd5 4.d4 Nf6 5.Nc3 Nc6 6.Be3 e6 7.Nf3 Be7 8.a3 O-O
9.c5 Ne4 10.Qc2 f5 11.Bb5 f4 12.Bc1 Ng5 13.Nxg5 Bxg5 14.Qd3 Qf6 15.Ne2 e5
16.h4 Bh6 17.Bd2 e4 18.Qb3 Be6 19.O-O-O Nxd4 20.Nxd4 Qxd4 21.Be3 Qf6 22.Bd4 Qg6
23.f3 Qxg2 24.fxe4 Qxe4 25.Bd3 f3+ 26.Kb1 Qf4 27.Qxb7 Kh8 28.Bc2 f2 29.Rhf1 Qxh4
30.Rxf2 Rfb8 31.Qc6 Re8 32.Re2 Bf7 33.Rde1 Rec8 34.Qa4 Bg5 35.Qd7 Kg8 36.Rf1 Rf8
37.Qf5 Kh8 38.Rg1 Bg6 39.Bxg7+ Kxg7 40.Qxg5 Rf1+ 41.Ka2 Qc4+ 42.Bb3 Qxe2
43.Rg2 Qe1  0-1

[Event "Cannes op2"]
[Site "Cannes"]
[Date "1993.??.??"]
[Round "?"]
[White "Arnason, Jon L"]
[Black "Komarov, Dimitri"]
[Result "1-0"]
[WhiteElo "2535"]
[BlackElo "2530"]

1.c4 c6 2.e4 d5 3.exd5 cxd5 4.d4 Nf6 5.Nc3 Be6 6.Nge2 dxc4 7.Nf4 Bg4 8.f3 Bd7
9.Bxc4 e6 10.O-O Qc7 11.Qe2 Bd6 12.g3 O-O 13.Be3 Nc6 14.Rfd1 Ne7 15.Ne4 Nxe4
16.fxe4 Rac8 17.Rac1 Qb8 18.Nh5 b5 19.Bb3 Qb7 20.e5 Bb8 21.Bg5 Ng6 22.Nxg7 Rxc1
23.Rxc1 Qb6 24.Nh5 Bxe5 25.Nf6+ Kh8 26.Kf1 Bxd4 27.Qh5  1-0

[Event "Cannes op"]
[Site "Cannes"]
[Date "1993.??.??"]
[Round "6"]
[White "Bricard, Emmanuel"]
[Black "Alvarez Ibarra, D Rafael"]
[Result "1/2-1/2"]
[WhiteElo "2460"]
[BlackElo "2420"]

1.c4 c6 2.Nf3 d5 3.d4 e6 4.Qc2 Nf6 5.Nbd2 Nbd7 6.g3 Be7 7.Bg2 O-O 8.O-O b6
9.e4 Bb7 10.b3 dxe4 11.Nxe4 c5 12.Nxf6+ Bxf6 13.Ng5 Bxg5 14.Bxb7 Rb8 15.Bxg5 Qxg5
16.Bc6 Rbd8 17.dxc5 Qxc5 18.Bxd7 Rxd7 19.Rad1 Rc7 20.Qd3 g6 21.Qd6 Rb8 22.Kg2  1/2-1/2

[Event "Cappelle op"]
[Site "Cappelle la Grande"]
[Date "1993.??.??"]
[Round "9"]
[White "Baburin, Alexander"]
[Black "Solozhenkin, Evgeniy"]
[Result "0-1"]
[WhiteElo "2550"]
[BlackElo "2480"]

1.c4 c6 2.e4 d5 3.exd5 cxd5 4.cxd5 Nf6 5.Nc3 Nxd5 6.Nf3 Nc6 7.d4 e6 8.Bd3 Be7
9.O-O O-O 10.Re1 Bd7 11.a3 Nxc3 12.bxc3 Rc8 13.Qc2 h6 14.Rb1 Qc7 15.Qe2 a6
16.c4 Rfe8 17.c5 Rcd8 18.Qe4 f5 19.Qe3 Bf6 20.Bc4 Kh8 21.Bd2 e5 22.d5 e4
23.dxc6 Bxc6 24.Qf4 Qxf4 25.Bxf4 exf3 26.Rxe8+ Rxe8 27.gxf3 Bxf3 28.Bd3 g5
29.Bd6 f4 30.Bf1 Bc6 31.Bg2 f3 32.Bf1 Kg7 33.Bd3 Bc3 34.h3 Kf6 35.Rb6 Ba5
36.Rb3 Bd5 37.Rb2 Re1+ 38.Kh2 Rd1 39.Bh7 h5 40.h4 gxh4 41.Bf4 Rd4 42.Bd6 Rd2
43.Rxd2 Bxd2 44.Bc2 Bc3 45.Kh3 Bd4 46.Kxh4 Bxf2+ 47.Kxh5 Bd4  0-1

[Event "Ceske Budejovice op"]
[Site "Ceske Budejovice"]
[Date "1993.??.??"]
[Round "4"]
[White "Zapletal, Jiri"]
[Black "Dobrovolsky, Ladislav"]
[Result "0-1"]
[WhiteElo "2210"]
[BlackElo "2390"]

1.c4 c6 2.Nc3 d5 3.d4 Nf6 4.Nf3 e6 5.cxd5 exd5 6.Bg5 Be7 7.Qc2 O-O 8.e3 Nbd7
9.Bd3 Re8 10.O-O Nf8 11.Rab1 Bd6 12.b4 Ng6 13.b5 h6 14.Bxf6 Qxf6 15.bxc6 bxc6
16.Na4 Bg4 17.Be2 Bf5 18.Bd3 Be4 19.Qe2 Qf5 20.Rfd1 Qh5 21.h3 f5 22.Rb7 f4
23.Nc5 Bxf3 24.Qxf3 Qxf3 25.gxf3 Nh4 26.Be2 fxe3 27.fxe3 Rxe3 28.Kf2 Rae8
29.Ne4 Nf5 30.Rg1 dxe4 31.Rbxg7+ Nxg7 32.Kxe3 exf3+ 33.Kxf3 Kf7 34.Rc1 Nf5
35.Kf2 Kf6  0-1

[Event "Ceske Budejovice op"]
[Site "Ceske Budejovice"]
[Date "1993.??.??"]
[Round "5"]
[White "Gross, Stefan"]
[Black "Velicka, Petr"]
[Result "1/2-1/2"]
[WhiteElo "2330"]
[BlackElo "2420"]

1.c4 c6 2.d4 d5 3.Nf3 Nf6 4.Nc3 a6 5.Ne5 dxc4 6.Nxc4 b5 7.Ne5 Bb7 8.Bg5 e6
9.Qd3 Nbd7 10.Nxd7 Qxd7 11.O-O-O c5 12.Bxf6 gxf6 13.Ne4 Bxe4 14.Qxe4 Rd8
15.e3  1/2-1/2

[Event "Ceske Budejovice op"]
[Site "Ceske Budejovice"]
[Date "1993.??.??"]
[Round "6"]
[White "Nedela, Vlastimil"]
[Black "Dobrovolsky, Ladislav"]
[Result "1/2-1/2"]
[WhiteElo "2400"]
[BlackElo "2395"]

1.c4 c6 2.Nf3 d5 3.e3 Nf6 4.b3 g6 5.Bb2 Bg7 6.Be2 O-O 7.O-O Nbd7 8.Qc2 Re8
9.Nc3 dxc4 10.bxc4 e5 11.d4 exd4 12.exd4 Nb6 13.Rfd1 Bg4 14.Ne5 Bxe2 15.Nxe2 Qc7
16.Ng3 Rad8 17.a4 c5 18.a5 Nc8 19.Nf3 Nd6 20.d5 Nfe4 21.Bxg7 Kxg7 22.Re1 Nxg3
23.Qc3+ Kg8 24.hxg3 Re4 25.Nd2 Ree8 26.g4 Qd7 27.f3 f5 28.gxf5 Qxf5 29.Kf2 Qg5
30.g3 Qf5 31.Kg2 h5 32.Kf2 g5 33.Rxe8+ Rxe8 34.Re1 Rxe1 35.Kxe1 h4 36.gxh4 gxh4
37.Qe3 h3 38.Qh6 Qe5+ 39.Kf1 Qg3 40.Qe6+ Kf8 41.Qg4 Qh2 42.Ne4 Qh1+ 43.Kf2 Qh2+
44.Kf1 Qh1+  1/2-1/2

[Event "JUG-chT"]
[Site "Cetinje"]
[Date "1993.??.??"]
[Round "?"]
[White "Djuric, Stefan"]
[Black "Blagojevic, Dragisa"]
[Result "1-0"]
[WhiteElo "2495"]
[BlackElo "2465"]

1.c4 c6 2.e4 e5 3.Nf3 d6 4.d4 Bg4 5.d5 Nf6 6.h3 Bh5 7.Nc3 Be7 8.Be3 Nbd7
9.Bd3 O-O 10.g4 Bg6 11.Qd2 cxd5 12.cxd5 b5 13.b4 Nb6 14.g5 Nfd7 15.Nh4 Rc8
16.Nxg6 fxg6 17.Nxb5 Nc4 18.Bxc4 Rxc4 19.Qd3 Rxb4 20.Nxa7 Nb8 21.a3 Ra4 22.Nc6 Nxc6
23.dxc6 Qa8 24.Qd5+ Kh8 25.O-O h6 26.gxh6 Qc8 27.Kg2 gxh6 28.Rab1 Rxa3 29.Rb7 Bh4
30.Qxd6 Ra6 31.Qxg6 Qxb7 32.Qxh6+ Kg8 33.Qxf8+  1-0

[Event "JUG-chT"]
[Site "Cetinje"]
[Date "1993.??.??"]
[Round "?"]
[White "Lekic, Dusan"]
[Black "Novoselski, Zoran"]
[Result "1-0"]
[WhiteElo "2265"]
[BlackElo "2370"]

1.c4 c6 2.g3 Nf6 3.Bg2 d5 4.Nf3 dxc4 5.O-O Nbd7 6.Na3 Nb6 7.Qc2 Qd5 8.b3 cxb3
9.axb3 g6 10.Bb2 Bg7 11.e4 Qh5 12.Nc4 Nxc4 13.bxc4 O-O 14.Rfe1 Rd8 15.d4 Bh3
16.Bc3 Bxg2 17.Kxg2 Qg4 18.h3 Qc8 19.e5 Ne8 20.Ng5 Nc7 21.Rad1 Ne6 22.Ne4 c5
23.d5 Nd4 24.Qd3 Bxe5 25.Nxc5 Qxc5 26.Rxe5 Nf5 27.Rc1 f6 28.Re6 Rd6 29.Qe4 Rxe6
30.Qxe6+ Kh8 31.g4 Ng7 32.Qe4 Qd6 33.Bd4 a5 34.c5 Qd7 35.g5 Nh5 36.d6 Re8
37.Re1 Kg7 38.gxf6+ Nxf6 39.Qxe7+ Rxe7 40.Rxe7+ Kf8 41.Bxf6 Qc6+ 42.f3 Qxc5
43.d7 Qxe7 44.d8=Q+ Qxd8 45.Bxd8 a4 46.Kg3 Kf7 47.Kf4 a3 48.Ba5 Ke6 49.Ke4 a2
50.Bc3 Kd6 51.Bd4 b5 52.h4 h6 53.f4 h5 54.Bf6 Kc5 55.Kd3 Kd5 56.Bd4 b4 57.Ba1 Kc5
58.Bb2 Kd5 59.Bd4 Ke6 60.Ke4 Kd6 61.Bb2 Kc5 62.Kd3 Kd5 63.Be5 Ke6 64.Ke4 b3
65.Bb2 Kd6 66.Bd4 Kc6 67.Ke5 Kb5 68.Kd5 Kb4 69.Bb2 Kb5 70.Kd4  1-0

[Event "JUG-chT"]
[Site "Cetinje"]
[Date "1993.??.??"]
[Round "?"]
[White "Cvetkovic, Srdjan"]
[Black "Lazic, Miroljub"]
[Result "0-1"]
[WhiteElo "2510"]
[BlackElo "2465"]

1.c4 c6 2.Nf3 d5 3.d4 e6 4.Qc2 Nf6 5.g3 dxc4 6.Qxc4 b5 7.Qc2 Bb7 8.Bg2 Nbd7
9.Nc3 c5 10.O-O a6 11.Bg5 Rc8 12.Rad1 Qb6 13.Ne5 Bxg2 14.Nxd7 Nxd7 15.dxc5 Qc6
16.Rfe1 Bh3 17.e4 Bxc5 18.Qd2  0-1

[Event "Copenhagen OBRO"]
[Site "Copenhagen"]
[Date "1993.??.??"]
[Round "6"]
[White "Jirovsky, Milos"]
[Black "Bang, Andreas"]
[Result "1-0"]
[WhiteElo "2420"]
[BlackElo "2305"]

1.c4 c6 2.d4 d5 3.Nc3 Nf6 4.e3 a6 5.Bd3 b5 6.b3 g6 7.Nf3 Bf5 8.O-O Bxd3 9.Qxd3 Bg7
10.e4 b4 11.e5 bxc3 12.exf6 Bxf6 13.Bh6 dxc4 14.Qxc4 Qd5 15.Qxc3 c5 16.Rad1 Nd7
17.Qa5 Qh5 18.dxc5 Qxh6 19.Qa4 O-O 20.Rxd7 Rfc8 21.Qc4 a5 22.c6 e6 23.Rfd1 Qf8
24.Rb7 Rd8 25.Rxd8 Qxd8 26.c7 Qd1+ 27.Qf1 Qd6 28.g3 Rc8 29.Qc4 Kg7 30.h4 h6
31.Kg2 Bb2 32.Qc2 Be5 33.Qe4 Bc3 34.Qc4 Bb2 35.a4 Bf6 36.b4 axb4 37.a5 e5
38.Nh2 e4 39.Ng4 Bd4 40.Rxb4 Bc5 41.Qc3+ f6 42.Rc4  1-0

[Event "Cuxhaven op"]
[Site "Cuxhaven"]
[Date "1993.??.??"]
[Round "6"]
[White "Piven, Igor"]
[Black "Kuporosov, Viktor"]
[Result "1/2-1/2"]
[WhiteElo "2345"]
[BlackElo "2500"]

1.c4 c6 2.e4 d5 3.exd5 cxd5 4.cxd5 Nf6 5.Nc3 Nxd5 6.d4 e6 7.Nf3 Nc6 8.Bd3 Be7
9.O-O O-O 10.Re1 Qd6 11.a3 Nxc3 12.bxc3 b6 13.Qc2 g6 14.h4 Bf6 15.h5 Bg7
16.a4 Qd7 17.hxg6 hxg6 18.Ng5 Bb7 19.Ba3 Ne7 20.Re3 Rfe8 21.Bb5 Qd5 22.Qe4 Qxb5
23.Qh4 Qf5 24.g4 Qf4 25.Rxe6 fxe6 26.Qh7+ Kf8 27.Nxe6+ Kf7 28.Nxf4 Rh8 29.Re1 Rxh7
30.Rxe7+ Kg8 31.Rxb7 Bf8 32.Rxh7 Kxh7 33.Bxf8 Rxf8 34.Ne6 Rb8 35.Kg2 Kg8
36.Kf3 Rc8 37.d5 Rxc3+ 38.Ke4 Kf7 39.Ke5 Rc2 40.Ng5+ Ke7 41.f4 Rg2 42.d6+ Kd7
43.Ne4 Kc6 44.g5 a6 45.f5 gxf5 46.Kxf5 b5 47.axb5+ axb5 48.g6 b4 49.Kf6 b3
50.g7 b2 51.Nc3 Kxd6 52.Kf7  1/2-1/2

[Event "CZE Tschechien-ch"]
[Site "?"]
[Date "1993.??.??"]
[Round "1"]
[White "Janda, Pavel"]
[Black "Meduna, Eduard"]
[Result "0-1"]
[WhiteElo "2095"]
[BlackElo "2470"]

1.c4 c6 2.Nc3 d5 3.cxd5 cxd5 4.Nf3 d4 5.Qa4+ Nc6 6.Nb5 d3 7.Ne5 dxe2 8.Bxe2 Bd7
9.Qf4 Nxe5 10.Qxe5 Qb8 11.Qxb8+ Rxb8 12.Nxa7 b5 13.Bf3 e5 14.Nc6 Rb6 15.Nxe5 Re6
16.d4 f6 17.Bg4 fxe5 18.Bxe6 Bxe6 19.dxe5 Ne7 20.O-O Nc6 21.a4 b4 22.Be3 Na5
23.Bb6 Nc4 24.Bd4 Na5 25.Bb6 Nc4 26.Bd4 Na5 27.Bb6 Nb3 28.Rad1 Be7 29.f4 O-O
30.Rde1 g6 31.Re3 Nd2 32.Rd1 Nc4 33.Bd4 Rd8 34.Ree1 Bg4 35.Rd3 Nxb2 36.Rd2 Nc4
37.Rd3 b3 38.h3 Bf5 39.Rdd1 Rxd4 40.Rxd4 Bc5  0-1

[Event "CZE-ch"]
[Site "?"]
[Date "1993.??.??"]
[Round "9"]
[White "Jirovsky, Milos"]
[Black "Vavra, Pavel"]
[Result "1/2-1/2"]
[WhiteElo "2420"]
[BlackElo "2350"]

1.c4 c6 2.d4 d5 3.Nf3 Nf6 4.Nc3 e6 5.cxd5 cxd5 6.Bg5 Nc6 7.e3 Be7 8.Bd3 O-O
9.O-O Ne8 10.Bxe7 Qxe7 11.Qe2 f5 12.Ne5 Nf6 13.f4 Bd7 14.h3 Nxe5 15.dxe5 Ne4
16.Bxe4 fxe4 17.Rac1 Rac8 18.Qd2 Qb4 19.Rfd1 Bb5 20.Nb1 Qe7 21.Rxc8 Rxc8
22.Rc1 Rc5 23.Rxc5 Qxc5 24.Qc3 Qxc3 25.Nxc3 Bd3 26.Kf2 g6 27.Ne2 Bxe2 28.Kxe2 h5
29.g4 hxg4 30.hxg4 Kf7 31.Kd2 Kf8 32.Kc3 Kg7 33.Kd4 g5  1/2-1/2

[Event "CZE-chT"]
[Site "?"]
[Date "1993.??.??"]
[Round "?"]
[White "Nedela, Vlastimil"]
[Black "Dobrovolsky, Ladislav"]
[Result "0-1"]
[WhiteElo "2400"]
[BlackElo "2390"]

1.c4 c6 2.Nc3 d5 3.cxd5 cxd5 4.d4 Nf6 5.Nf3 Nc6 6.Bf4 a6 7.Ne5 e6 8.Nxc6 bxc6
9.e3 Bd6 10.Bxd6 Qxd6 11.Bd3 O-O 12.O-O c5 13.dxc5 Qxc5 14.Qc2 Bd7 15.Rfc1 Rfc8
16.Qe2 Qb6 17.Rc2 e5 18.Qd2 g6 19.Rac1 Rab8 20.b3 Kg7 21.Qd1 Rd8 22.Rd2 Bc6
23.Qc2 Rbc8 24.Qb2 a5 25.Rdc2 Qb7 26.Ne2 Re8 27.Rc5 a4 28.b4 Nd7 29.Ra5 Ra8
30.Rxa8 Qxa8 31.b5 Bb7 32.Qb4 d4 33.Rc7 Nb6 34.Qc5 Nd5 35.Rd7 Nf6 36.Rd6 Bxg2
37.exd4 Bh3 38.d5 Bc8 39.b6 Bb7 40.Nc3 Rc8 41.Qe3 Qa5 42.Nb5 Qb4 43.h3 Qb2
44.Nc7 Qa1+ 45.Bf1 Qb2 46.a3 h5 47.Qg5 Ne4 48.Rxg6+ fxg6 49.Qg2 Nc5 50.Qg5 Qxf2+
51.Kxf2 Ne4+ 52.Ke3 Nxg5 53.d6 Rd8 54.h4 Nf7  0-1

[Event "Dortmund op-A"]
[Site "Dortmund"]
[Date "1993.??.??"]
[Round "3"]
[White "Mandl, Robert"]
[Black "Stangl, Markus"]
[Result "1/2-1/2"]
[WhiteElo "2390"]
[BlackElo "2505"]

1.c4 c6 2.Nf3 d5 3.Qc2 g6 4.d4 Bg7 5.Bf4 Nf6 6.e3 Bf5 7.Bd3 Bxd3 8.Qxd3 O-O
9.O-O Nbd7 10.Nc3 Rc8 11.Rfd1 Qa5 12.Ne5 Nxe5 13.Bxe5 Rfd8 14.Rac1 e6 15.c5 b6
16.cxb6 axb6 17.a4 Nd7 18.Bd6 c5 19.Qb5 cxd4 20.exd4 Rc4 21.b4 Qxb5 22.Nxb5 Rdc8
23.Rxc4 Rxc4 24.Kf1 Bf8 25.Bxf8 Kxf8 26.Rb1 Rc2 27.Rb3 Ra2 28.Na3 Rd2 29.Nb5 Ra2
30.Na3 Rd2 31.Nb5 Ra2  1/2-1/2

[Event "Dortmund op-A"]
[Site "Dortmund"]
[Date "1993.??.??"]
[Round "4"]
[White "Bukal, Vladimir Sr"]
[Black "Scheffner, Axel"]
[Result "1-0"]
[WhiteElo "2380"]
[BlackElo "2290"]

1.c4 c6 2.Nf3 Nf6 3.Nc3 d5 4.d4 dxc4 5.a4 Bf5 6.e3 e6 7.Bxc4 Bb4 8.O-O Nbd7
9.Qb3 Qe7 10.a5 O-O 11.h3 Rab8 12.Nh4 Be4 13.Nxe4 Nxe4 14.Nf3 Bd6 15.Qc2 f5
16.a6 b5 17.Bd3 Nef6 18.Qb3 Kh8 19.Bd2 Ne4 20.Be1 e5 21.Qc2 exd4 22.Nxd4 Ne5
23.Bxe4 fxe4 24.Qxe4 c5 25.Nf5 Qe6 26.Nxd6 Qxd6 27.Bc3 Rbe8 28.Rfd1 Qc6 29.Qxc6 Nxc6
30.Rd7 Re7 31.Rxe7 Nxe7 32.Rd1 b4 33.Be5 Nc6 34.Bf4 c4 35.Rc1 Na5 36.Bc7 Rf5
37.Bxa5 Rxa5 38.Rxc4 h6 39.Rxb4 Rxa6 40.f4 Kh7 41.Kf2 Ra2 42.Kf3 a5 43.Rb7 a4
44.f5 Ra1 45.g4 Kg8 46.Rb4 Rh1 47.Kg2 Re1 48.e4 Re2+ 49.Kf3 Rh2 50.Kg3 Re2
51.Rxa4 Rxb2 52.e5 Rb3+ 53.Kf4 Kf7 54.e6+ Kf6 55.Ra7 Rb4+ 56.Ke3 g5 57.Rf7+ Ke5
58.e7  1-0

[Event "Dortmund op-A"]
[Site "Dortmund"]
[Date "1993.??.??"]
[Round "6"]
[White "Schwartzman, Gabriel"]
[Black "Metz, Hartmut"]
[Result "1-0"]
[WhiteElo "2455"]
[BlackElo "2270"]

1.c4 c6 2.Nc3 d5 3.d4 Nf6 4.e3 Bf5 5.cxd5 cxd5 6.Qb3 Bc8 7.Nf3 e6 8.Be2 Nc6
9.O-O Be7 10.a4 O-O 11.Rb1 a5 12.Rd1 Nd7 13.Bd2 Ndb8 14.Rbc1 Nb4 15.e4 dxe4
16.Nxe4 N8c6 17.Be1 b6 18.Nc3 Bd7 19.d5 exd5 20.Nxd5 Ra7 21.Bb5 Nxd5 22.Rxd5 Nb8
23.Nd4 Qe8 24.Nf5 Bxb5 25.Rxb5 Bc5 26.Bc3 Qe2 27.Rf1 Qg4 28.Nxg7 Re7 29.h3 Qg6
30.Qd5 Re2 31.Nh5 Be7 32.Nf4 Qe4 33.Nxe2 Qxe2 34.Re1  1-0

[Event "Dortmund op-A"]
[Site "Dortmund"]
[Date "1993.??.??"]
[Round "11"]
[White "Sher, Miron N"]
[Black "Stangl, Markus"]
[Result "1-0"]
[WhiteElo "2500"]
[BlackElo "2505"]

1.c4 c6 2.e4 d5 3.exd5 cxd5 4.d4 Nf6 5.Nc3 e6 6.Nf3 Nc6 7.a3 Be7 8.cxd5 exd5
9.Ne5 O-O 10.Nxc6 bxc6 11.Be2 Be6 12.O-O Ne4 13.Na4 Bd6 14.Be3 Qh4 15.g3 Qf6
16.Rc1 Rac8 17.Nc3 Qg6 18.Bh5 Qf5 19.Bf3 Rb8 20.Na4 Rfc8 21.Bg2 Qg6 22.Qe2 Bd7
23.b4 Rb5 24.Nc5 Bf5 25.Nxe4 dxe4 26.Rxc6 Rb6 27.Rxc8+ Bxc8 28.Qc2 Bf5 29.Qa4 Rb7
30.Qe8+ Bf8 31.Rc1 f6 32.Qxg6 Bxg6 33.Rc8 a5 34.d5 Bf5 35.Ra8 Kf7 36.Rxa5  1-0

[Event "Dublin zt"]
[Site "Dublin"]
[Date "1993.??.??"]
[Round "2"]
[White "Costello, Colin"]
[Black "Summerscale, Aaron"]
[Result "0-1"]
[WhiteElo "2245"]
[BlackElo "2345"]

1.c4 c6 2.Nf3 d5 3.d4 e6 4.Nc3 dxc4 5.a4 Bb4 6.e4 b5 7.Be2 Bb7 8.O-O a6 9.Qc2 Nf6
10.e5 Nd5 11.Ne4 h6 12.Bd2 Be7 13.b3 cxb3 14.Qxb3 Nd7 15.Ne1 O-O 16.Nd3 Qb6
17.Ndc5 Bxc5 18.dxc5 Nxc5 19.Nxc5 Qxc5 20.Qg3 Kh8 21.Bd3 Qd4 22.Bxh6 gxh6
23.Qh3 Qf4 24.g3 Qg5 25.f4 Qg7 26.f5 exf5 27.Qxf5 Ne3 28.Qe4 Nxf1 29.Rxf1 Rfe8
30.Rf6 Rad8 31.Bc2 Re6 32.Qf4 Rxf6 33.exf6 Qg5 34.Qe4 Qc5+ 35.Kf1 Qc4+  0-1

[Event "Narancs Cup"]
[Site "Eger"]
[Date "1993.??.??"]
[Round "4"]
[White "Krutti, Valer"]
[Black "Feher, Gyula"]
[Result "1/2-1/2"]
[WhiteElo "2350"]
[BlackElo "2380"]

1.c4 c6 2.Nc3 Nf6 3.d4 d5 4.cxd5 cxd5 5.Nf3 Nc6 6.Bf4 Bf5 7.e3 e6 8.Bd3 Bxd3
9.Qxd3 Bd6 10.Bxd6 Qxd6 11.O-O O-O 12.Rfc1 Rfc8 13.a3  1/2-1/2

[Event "Narancs Cup"]
[Site "Eger"]
[Date "1993.??.??"]
[Round "9"]
[White "Kiss, Pal"]
[Black "Horvath, Peter"]
[Result "1-0"]
[WhiteElo "2420"]
[BlackElo "2290"]

1.c4 c6 2.e4 d5 3.exd5 cxd5 4.d4 Nf6 5.Nc3 Nc6 6.Bg5 Qa5 7.Qd2 e5 8.Bxf6 gxf6
9.dxe5 d4 10.Nd5 Bb4 11.Nxb4 Qxb4 12.exf6 Bf5 13.Qxb4 Nxb4 14.Kd2 O-O 15.a3 Nc6
16.Bd3 Bxd3 17.Kxd3 Ne5+ 18.Kxd4 Ng4 19.Nh3 Rfe8 20.Rhe1 Rad8+ 21.Kc3 Nxf6
22.f3 a6 23.Nf4 b5 24.cxb5 Rc8+ 25.Kb4 Red8 26.Rad1 axb5 27.b3  1-0

[Event "Narancs Cup"]
[Site "Eger"]
[Date "1993.??.??"]
[Round "9"]
[White "Kaposztas, Miklos"]
[Black "Feller, Joseph"]
[Result "1/2-1/2"]
[WhiteElo "2265"]
[BlackElo "2230"]

1.c4 c6 2.Nf3 d5 3.d4 Nf6 4.Nc3 dxc4 5.a4 Bf5 6.e3 e6 7.Bxc4 Bb4 8.O-O O-O
9.Qb3 Qe7 10.a5 c5 11.dxc5 Bxc5 12.Na4 Bb4 13.Nd4 Bg6 14.Nc3 Nc6 15.Ra4 Bc5
16.Nxc6 bxc6 17.Be2  1/2-1/2

[Event "Elenite op"]
[Site "Elenite"]
[Date "1993.??.??"]
[Round "3"]
[White "Genov, Petar"]
[Black "Andonov, Bogomil"]
[Result "1-0"]
[WhiteElo "2430"]
[BlackElo "2355"]

1.c4 c6 2.Nc3 d5 3.d4 Nf6 4.Nf3 dxc4 5.a4 a5 6.e4 Bg4 7.e5 Nd5 8.Bxc4 e6
9.O-O Be7 10.Ne4 O-O 11.Be3 Nd7 12.Ng3 Bh4 13.Ne4 f5 14.Nd6 Rb8 15.Be2 Be7
16.Nc4 N7b6 17.Rc1 Nxc4 18.Rxc4 Qd7 19.Bd2 Ra8 20.Qb3 Qc7 21.Rfc1 Rfd8 22.Kf1 Rd7
23.Ne1 Bxe2+ 24.Kxe2 Qb6 25.Qa2 Qa6 26.Nd3 Kf7 27.Be3 Rad8 28.Kf3 Nb4 29.Nxb4 Bxb4
30.Qb1 Kg8 31.g3 Qa8 32.Ke2 Rd5 33.Kf1 R8d7 34.Qc2 Qe8 35.Qe2 Be7 36.h4 Bd8
37.b4 Bb6 38.bxa5 Bxa5 39.Rb1 Qg6 40.h5 Qf7 41.Kg2 h6 42.Rc2 Qe8 43.Rb3 Qa8
44.Kh2 Bd8 45.Rc4 Ra5 46.Qb2 b6 47.Qc2 c5 48.dxc5 bxc5 49.Rd3 Rxd3 50.Qxd3 Bg5
51.Qd7 Bxe3 52.Qxe6+ Kh8 53.fxe3 Ra6 54.Qxf5 Rb6 55.Rxc5 Rb2+ 56.Rc2 Rb8
57.e6 Rf8 58.Qc5  1-0

[Event "Elgoibar"]
[Site "Elgoibar"]
[Date "1993.??.??"]
[Round "7"]
[White "Suba, Mihai"]
[Black "Iruzubieta, Jesus Maria"]
[Result "1/2-1/2"]
[WhiteElo "2500"]
[BlackElo "2360"]

1.c4 c6 2.e4 d5 3.exd5 Nf6 4.Nc3 cxd5 5.d4 Nc6 6.Bg5 Be6 7.f3 h6 8.Bxf6 exf6
9.c5 Be7 10.Bb5 O-O 11.Nge2 f5 12.O-O Qc7 13.a3 a6 14.Ba4 Na5 15.f4 b6 16.b4 Nc4
17.Rf3 Rfd8 18.Bb3 Rab8 19.Na4 bxc5 20.Nxc5 Qb6 21.Bc2 a5 22.Rb3 Rdc8 23.Qe1 axb4
24.axb4 Ra8 25.Rd1 Ra2 26.Bb1 Rb2 27.Na4 Rxb3 28.Nxb6 Nxb6 29.Ng3 g6 30.Qe2 Rxb4
31.Qa6 Bf6 32.Ne2 Ra8 33.Qb7 Raa4 34.Qc6 Nc4 35.Qc5 Rb2 36.Bd3 Ra5 37.Qc6 Ne3
38.Rb1 Rxb1+ 39.Bxb1 Ra1 40.Qb7 Nc2 41.Qb2 Nxd4 42.Nxd4 Bxd4+ 43.Qxd4 Rxb1+
44.Kf2 Rc1 45.h3 Rc4 46.Qe5 Re4 47.Qd6 Kg7 48.Kf3 g5 49.fxg5 hxg5 50.Qd8 f6
51.Qc7+ Kg6 52.Qc6 f4 53.Qe8+ Bf7 54.Qd7 Re3+ 55.Kf2 Be6 56.Qe8+ Bf7 57.Qd7 Be6
58.Qe8+ Kf5 59.g4+ Ke5 60.Qb8+ Ke4 61.Qb1+ Ke5 62.Qb8+ Ke4 63.Qd6 Kd3  1/2-1/2

[Event "ESP-chT"]
[Site "?"]
[Date "1993.??.??"]
[Round "?"]
[White "Anguix Garrido, Juan Francisco"]
[Black "Magem Badals, Jorge"]
[Result "0-1"]
[WhiteElo "2340"]
[BlackElo "2505"]

1.c4 c6 2.d4 d5 3.Nf3 Nf6 4.cxd5 cxd5 5.Nc3 Nc6 6.Bf4 Bf5 7.e3 e6 8.Bb5 Nd7
9.Qa4 Qb6 10.Nh4 Bg4 11.h3 Bh5 12.g4 Bg6 13.O-O-O Bb4 14.Nxg6 hxg6 15.a3 Bxc3
16.bxc3 Rc8 17.Kd2 a6 18.Bd3 Qb2+ 19.Qc2 Qxc2+ 20.Kxc2 Na5 21.Rb1 Rc6 22.e4 O-O
23.Bd2 Nb6 24.Rb4 Rfc8 25.Rc1 dxe4 26.Bxe4 Nd5 27.Rbb1 b5 28.Kd3 Rc4 29.Bxd5 exd5
30.Rb4 R4c6 31.a4 bxa4 32.Rxa4 Nc4 33.Ra2 Rf6 34.Be3 Re8 35.g5 Rb6 36.Rca1 Ra8
37.Bf4 a5 38.Bc7 Rb7 39.Bf4 a4 40.Bc1 a3 41.Kc2 Re8 42.Kd1 Ra7 43.Kc2 Re2+
44.Kd3 Re1 45.Be3 Rxa1 46.Rxa1 Kf8 47.Kc2 Ke7 48.Bc1 Ke6 49.Kb3 Rb7+ 50.Kc2 Ra7
51.Kb3 Rb7+ 52.Kc2 Kf5 53.Bxa3 Ra7 54.Kb3 Ke4 55.Ra2 Kf3 56.Bf8 Rb7+ 57.Bb4 f5
58.gxf6 gxf6 59.Ra8 Kxf2 60.Kc2 f5 61.Rd8 Ne3+ 62.Kd3 Rh7 63.Rg8 Rxh3 64.Rxg6 Rh1  0-1

[Event "Farum op"]
[Site "Farum"]
[Date "1993.??.??"]
[Round "1"]
[White "Sher, Miron N"]
[Black "Hector, Jonny"]
[Result "0-1"]
[WhiteElo "2535"]
[BlackElo "2500"]

1.c4 c6 2.d4 d5 3.Nf3 Nf6 4.e3 Bf5 5.cxd5 cxd5 6.Qb3 Qc7 7.Nc3 e6 8.Bd2 Nc6
9.Be2 a6 10.O-O Bd6 11.Rfc1 O-O 12.Na4 Ne4 13.h3 Qe7 14.Be1 Bg6 15.Nb6 Rab8
16.a4 a5 17.Ne5 Nxe5 18.dxe5 Bxe5 19.Bxa5 Rfd8 20.Be1 Qf6 21.Ra2 d4 22.exd4 Qf4  0-1

[Event "Farum op"]
[Site "Farum"]
[Date "1993.??.??"]
[Round "9"]
[White "Akesson, Ralf"]
[Black "Hector, Jonny"]
[Result "1-0"]
[WhiteElo "2465"]
[BlackElo "2500"]

1.c4 c6 2.e4 e5 3.Nf3 f5 4.Nxe5 Qf6 5.d4 fxe4 6.Nc3 Bb4 7.Qg4 Ne7 8.Qxe4 O-O
9.Ng4 Qf5 10.Qxf5 Nxf5 11.d5 d6 12.Ne3 Na6 13.Be2 Nd4 14.Bd1 cxd5 15.cxd5 Nb5
16.Bd2 Bd7 17.O-O Rac8 18.Ne4 Rfe8 19.Bxb4 Nxb4 20.f3 Nd3 21.Be2 Nf4 22.Bxb5 Bxb5
23.Nxd6 Rxe3 24.Nxc8 Bxf1 25.Kxf1 Nxd5 26.Nxa7 Rd3 27.Re1 Nf4 28.Nc8 g5 29.Nb6 Rd2
30.g3 Rxb2 31.gxf4 Rxb6 32.fxg5 Rb5 33.h4 h6 34.Re4 hxg5 35.hxg5 Kf7 36.f4 Rb2
37.Re2 Rb5 38.Kf2 Kg6 39.Kf3 Kf5 40.Re5+ Rxe5 41.fxe5  1-0